[Event "PRO League Central 2017"]
[Site "chess.com INT"]
[Date "2017.01.25"]
[Round "3"]
[White "Ducarmon, Quinten"]
[Black "Bacrot, Etienne"]
[Result "0-1"]
[WhiteTitle "IM"]
[BlackTitle "GM"]
[WhiteElo "2468"]
[BlackElo "2695"]
[WhiteTeam "Amsterdam Mosquitos"]
[BlackTeam "Marseille Migraines"]
[WhiteFideId "1025007"]
[BlackFideId "605506"]
[EventDate "2017.01.11"]

1. e4 c5 2. Nf3 Nc6 3. Nc3 g6 4. Bc4 Bg7 5. O-O d6 6. a3 e6 7. Ba2 Nge7 8. d3 b6
9. Be3 Nd4 10. Ne1 Bb7 11. Qd2 Qd7 12. Nd1 d5 13. c3 Ndc6 14. Bh6 O-O 15. Bxg7
Kxg7 16. Nf3 dxe4 17. dxe4 Qxd2 18. Nxd2 Rfd8 19. Nf3 h6 20. Ne3 Na5 21. Bb1 Nb3
22. Ra2 Nc6 23. h4 Nca5 24. Re1 f6 25. Bc2 Rd7 26. Nc4 Nxc4 27. Bxb3 Ba6 28. a4
Rad8 29. a5 Nxa5 30. Bxe6 Rd1 31. Rxd1 Rxd1+ 32. Kh2 c4 33. Bd5 f5 34. Kg3 fxe4
35. Bxe4 Bb5 36. Nd4 Bd7 37. Bd5 Kf6 38. Kf4 Bf5 39. g4 g5+ 40. hxg5+ hxg5+ 41.
Kg3 Bg6 42. Bf3 Rd2 43. Nb5 Bb1 44. Ra1 Rxb2 45. Nxa7 Rb3 46. Nc8 Bd3 47. Kg2
Kg6 48. Nxb6 Rxb6 49. Rxa5 Rb3 50. Ra6+ Kg7 51. Ra5 Kf6 52. Ra6+ Ke5 53. Ra5+
Kf4 54. Rd5 Rxc3 55. Rd4+ Ke5 56. Rd5+ Kf6 57. Rd6+ Ke7 58. Rd5 Rc1 59. Rxg5 c3
60. Re5+ Kf6 61. Rd5 Bf1+ 62. Kg3 c2 63. g5+ Ke6 64. Rd2 Bd3 65. Kf4 Re1 66.
Bg4+ Ke7 67. Rxd3 c1=Q+ 68. Kg3 Rg1+ 69. Kh4 Rh1+ 70. Bh3 Qf4+ 71. Kh5 Qxf2 72.
Rd7+ Ke8 73. Rd3 Qe2+ 0-1

[Event "PRO League Central 2017"]
[Site "chess.com INT"]
[Date "2017.01.25"]
[Round "3"]
[White "Ducarmon, Quinten"]
[Black "Bacrot, Etienne"]
[Result "0-1"]
[WhiteTitle "IM"]
[BlackTitle "GM"]
[WhiteElo "2468"]
[BlackElo "2695"]
[WhiteTeam "Amsterdam Mosquitos"]
[BlackTeam "Marseille Migraines"]
[WhiteFideId "1025007"]
[BlackFideId "605506"]
[EventDate "2017.01.11"]

1. e4 c5 2. Nf3 Nc6 3. Bb5 g6 4. O-O Bg7 5. Re1 Nf6 6. d4 cxd4 7. e5 Nd5 8. Bxc6
dxc6 9. Qxd4 h6 10. Na3 Nb6 11. Qh4 g5 12. Qg3 Bf5 13. Be3 Nd5 14. Nd4 Bg6 15.
Rad1 Qc7 16. Ndb5 Qb8 17. Bc5 O-O 18. Rxd5 cxd5 19. Bxe7 Re8 20. Bd6 Qd8 21. c4
a6 0-1

[Event "PRO League Central 2017"]
[Site "chess.com INT"]
[Date "2017.01.25"]
[Round "3"]
[White "Ducarmon, Quinten"]
[Black "Bacrot, Alexandre"]
[Result "0-1"]
[WhiteTitle "IM"]
[WhiteElo "2468"]
[BlackElo "2099"]
[WhiteTeam "Amsterdam Mosquitos"]
[BlackTeam "Marseille Migraines"]
[WhiteFideId "1025007"]
[BlackFideId "26076837"]
[EventDate "2017.01.11"]

1. e4 c5 2. Nf3 d6 3. d4 cxd4 4. Qxd4 Nf6 5. Bb5+ Bd7 6. c3 Bxb5 7. c4 Bd7 8.
Nc3 Nc6 9. Qe3 g6 10. O-O Bg7 11. h3 O-O 12. Qg5 Rc8 13. Qh4 Nb4 14. Bh6 Rxc4
15. Ng5 e5 16. a3 Nd3 17. Nd5 Nh5 18. Bxg7 Kxg7 19. f4 h6 20. Rad1 Ndxf4 21.
Nxf4 exf4 0-1

[Event "PRO League Central 2017"]
[Site "chess.com INT"]
[Date "2017.01.25"]
[Round "3"]
[White "Svane, Rasmus"]
[Black "Beerdsen, Thomas"]
[Result "0-1"]
[WhiteTitle "GM"]
[BlackTitle "FM"]
[WhiteElo "2560"]
[BlackElo "2413"]
[WhiteTeam "Hamburg Swashbucklers"]
[BlackTeam "Apeldoorn Apes"]
[WhiteFideId "4657101"]
[BlackFideId "1030108"]
[EventDate "2017.01.11"]

1. Nf3 Nf6 2. c4 e6 3. g3 Be7 4. Bg2 O-O 5. O-O d5 6. d4 dxc4 7. Ne5 Nc6 8. Bxc6
bxc6 9. Nxc6 Qe8 10. Nxe7+ Qxe7 11. Qc2 e5 12. Rd1 Bb7 13. Nc3 Qd7 14. dxe5 Qh3
15. e4 Ng4 16. f4 Rad8 17. Nd5 f5 18. Re1 a5 19. a4 Rfe8 20. Ra3 Qh6 21. Rc3 Qe6
22. Qe2 fxe4 23. Ne3 Nxe3 24. Rxe3 Rd3 25. Bd2 Qb6 26. Bc3 Bc8 27. Qf2 Red8 28.
Rxe4 Qc6 29. e6 Bb7 30. f5 Rd1 31. e7 Rxe1+ 32. Qxe1 Re8 33. Re2 Qh1+ 34. Kf2
Qf3+ 35. Kg1 Rxe7 0-1

[Event "PRO League Central 2017"]
[Site "chess.com INT"]
[Date "2017.01.25"]
[Round "3"]
[White "Svane, Rasmus"]
[Black "Beerdsen, Thomas"]
[Result "1-0"]
[WhiteTitle "GM"]
[BlackTitle "FM"]
[WhiteElo "2560"]
[BlackElo "2413"]
[WhiteTeam "Hamburg Swashbucklers"]
[BlackTeam "Apeldoorn Apes"]
[WhiteFideId "4657101"]
[BlackFideId "1030108"]
[EventDate "2017.01.11"]

1. Nf3 Nf6 2. c4 e6 3. g3 d5 4. Bg2 Be7 5. O-O O-O 6. d4 dxc4 7. Ne5 Nc6 8. Bxc6
bxc6 9. Nxc6 Qe8 10. Nxe7+ Qxe7 11. Qc2 e5 12. Rd1 Bb7 13. Nc3 Qd7 14. dxe5 Qh3
15. e4 Ng4 16. f4 Rad8 17. Nd5 f5 18. Re1 a5 19. a4 Rfe8 20. Ra3 Bc6 21. Qe2 Kh8
22. Rc3 fxe4 23. Ne3 Nxe3 24. Bxe3 Rd3 25. Rxc4 Qe6 26. Rec1 Bd5 27. Rxc7 Rb8
28. R7c3 Rxc3 29. Rxc3 Bb3 30. Bc5 Bxa4 31. Bd6 Rc8 32. Qxe4 Rxc3 33. bxc3 Qe8
34. Qd5 Bc6 35. Qxa5 h5 36. Qc7 Kh7 37. Bf8 Qxf8 38. Qxc6 Qa3 39. Qe4+ Kh8 40.
Qc2 Qc5+ 41. Kf1 Qd5 42. Kf2 Qh1 43. Ke3 Qc6 44. c4 Kg8 45. c5 h4 46. gxh4 Qh1
47. c6 Qg1+ 48. Kd3 Qg6+ 49. Kd2 Qg2+ 50. Kc1 Qf1+ 51. Kb2 Qxf4 52. Qc5 Qxh2+
53. Kb3 Qg3+ 54. Kb4 Qe1+ 55. Qc3 Qg1 56. Qc4+ Kh7 57. c7 Qb6+ 58. Kc3 Qa5+ 59.
Kc2 Qxe5 60. c8=Q Qh2+ 61. Kb3 Qg3+ 62. Qc3 Qg6 63. Q8c6 Qf7+ 64. Q3c4 Qf8 65.
Q4e4+ Kh8 66. Qce8 Qg8+ 67. Qxg8+ Kxg8 1-0

[Event "PRO League Central 2017"]
[Site "chess.com INT"]
[Date "2017.01.25"]
[Round "3"]
[White "Svane, Rasmus"]
[Black "Warmerdam, Max"]
[Result "1-0"]
[WhiteTitle "GM"]
[BlackTitle "FM"]
[WhiteElo "2560"]
[BlackElo "2350"]
[WhiteTeam "Hamburg Swashbucklers"]
[BlackTeam "Apeldoorn Apes"]
[WhiteFideId "4657101"]
[BlackFideId "1048104"]
[EventDate "2017.01.11"]

1. d4 Nf6 2. Nf3 g6 3. Bg5 Bg7 4. Nbd2 O-O 5. c3 d6 6. e4 c5 7. d5 h6 8. Bh4 e6
9. dxe6 Bxe6 10. Be2 Nc6 11. O-O Ne5 12. Nxe5 dxe5 13. Qc2 Qc7 14. Bc4 Qc6 15.
Rfe1 Rfe8 16. a4 Re7 17. Bxe6 Rxe6 18. Nc4 Ne8 19. Rad1 Bf6 20. Bg3 Nc7 21. Rd2
Rd8 22. Rxd8+ Bxd8 23. Nxe5 Qe8 24. Nc4 Nd5 25. f3 Nb6 26. Nxb6 Bxb6 27. c4 Re7
28. Rd1 Rd7 29. Rd5 Rxd5 30. cxd5 c4+ 31. Bf2 Bxf2+ 32. Kxf2 Qc8 33. Qd2 Qc5+
34. Kf1 Qd6 35. g3 h5 36. Kg2 Kf8 37. Qc3 Qc5 38. Qf6 Qe3 39. d6 Kg8 40. Kh3 Qd3
41. Kh4 Qd2 42. h3 Qd1 43. Kg5 Qd2+ 44. f4 Qd4 45. Qxd4 1-0

[Event "PRO League Central 2017"]
[Site "chess.com INT"]
[Date "2017.01.25"]
[Round "3"]
[White "Kevlishvili, Robby"]
[Black "Sebastian, Dirk"]
[Result "1/2-1/2"]
[WhiteTitle "IM"]
[WhiteElo "2417"]
[BlackElo "2445"]
[WhiteTeam "Apeldoorn Apes"]
[BlackTeam "Hamburg Swashbucklers"]
[WhiteFideId "1040634"]
[BlackFideId "4637607"]
[EventDate "2017.01.11"]

1. e4 e5 2. Nf3 Nc6 3. Bb5 a6 4. Ba4 g6 5. c3 d6 6. O-O Bg7 7. h3 Nf6 8. Re1 O-O
9. d4 Bd7 10. Nbd2 Re8 11. dxe5 Nxe5 12. Nxe5 dxe5 13. Bxd7 Nxd7 14. Nc4 Nc5 15.
Qe2 Qd3 16. Qxd3 Nxd3 17. Rd1 Rad8 18. b4 Nxc1 19. Raxc1 f6 20. Na5 Bh6 21. Rb1
b6 22. Nc6 Rd2 23. Rxd2 Bxd2 24. c4 b5 25. Rd1 Re6 26. Rxd2 Rxc6 27. c5 a5 28.
a3 axb4 29. axb4 Ra6 30. Rd8+ Kg7 31. Rb8 c6 32. Rb7+ Kh6 33. Rb6 Ra1+ 34. Kh2
Ra4 35. Rxc6 Rxb4 36. Rxf6 Rxe4 37. Rb6 b4 38. c6 Rc4 39. f3 Kg5 40. c7 Rxc7 41.
Rxb4 h5 42. Kg3 Kf5 43. h4 Rc2 44. Rb8 Ra2 45. Rf8+ Ke6 46. Re8+ Kf6 1/2-1/2

[Event "PRO League Central 2017"]
[Site "chess.com INT"]
[Date "2017.01.25"]
[Round "3"]
[White "Kevlishvili, Robby"]
[Black "Svane, Rasmus"]
[Result "1/2-1/2"]
[WhiteTitle "IM"]
[BlackTitle "GM"]
[WhiteElo "2417"]
[BlackElo "2560"]
[WhiteTeam "Apeldoorn Apes"]
[BlackTeam "Hamburg Swashbucklers"]
[WhiteFideId "1040634"]
[BlackFideId "4657101"]
[EventDate "2017.01.11"]

1. e4 c6 2. d4 d5 3. e5 Bf5 4. Nf3 e6 5. Be2 Ne7 6. O-O h6 7. Nbd2 Nd7 8. Nb3
Nc8 9. a4 Be7 10. Bd2 O-O 11. a5 c5 12. Nxc5 Nxc5 13. dxc5 Bxc5 14. Bc3 a6 15.
Bd4 Qc7 16. c3 Ne7 17. Bxc5 Qxc5 18. Nd4 Bg6 19. Ra4 Rfd8 20. Bd3 Bxd3 21. Qxd3
Nc6 22. Nxc6 bxc6 23. h4 Qb5 24. Qc2 Rab8 25. Rg4 Qc5 26. b4 Qe7 27. Qd3 Rb5 28.
Qg3 Qf8 29. Rd1 c5 30. Qf4 cxb4 31. cxb4 Rdb8 32. Rd4 Kh8 33. h5 Rc8 34. Qd2 Qe7 1/2-1/2

[Event "PRO League Central 2017"]
[Site "chess.com INT"]
[Date "2017.01.25"]
[Round "3"]
[White "Sorungbe, Ademola"]
[Black "Karlsson, Bjorn-Ivar"]
[Result "1-0"]
[WhiteTitle "CM"]
[BlackTitle "FM"]
[WhiteElo "2234"]
[BlackElo "2315"]
[WhiteTeam "Abuja Rockstars"]
[BlackTeam "Reykjavik Puffins"]
[WhiteFideId "8500223"]
[BlackFideId "2301687"]
[EventDate "2017.01.11"]

1. d4 Nf6 2. Nf3 e6 3. c4 Bb4+ 4. Bd2 Qe7 5. Nc3 Nc6 6. d5 exd5 7. cxd5 Ne5 8.
Nxe5 Qxe5 9. Qb3 Bc5 10. e3 O-O 11. Bd3 c6 12. O-O-O cxd5 13. Na4 Be7 14. Bc3
Qe6 15. Bd4 Ne4 16. Qc2 d6 17. f3 Nf6 18. g4 Bd7 19. Bf5 Bxa4 20. Qxa4 b5 21.
Qb3 a5 22. Bxe6 fxe6 23. g5 a4 24. Qxb5 Rfb8 25. Qf1 Nd7 26. Qh3 Nf8 27. f4 Ra5
28. Qg4 Rab5 29. Rd2 Bd8 30. h4 Bc7 31. g6 hxg6 32. h5 e5 33. hxg6 exd4 34. Rdh2 1-0

[Event "PRO League Central 2017"]
[Site "chess.com INT"]
[Date "2017.01.25"]
[Round "3"]
[White "Sorungbe, Ademola"]
[Black "Karlsson, Bjorn-Ivar"]
[Result "1/2-1/2"]
[WhiteTitle "CM"]
[BlackTitle "FM"]
[WhiteElo "2234"]
[BlackElo "2315"]
[WhiteTeam "Abuja Rockstars"]
[BlackTeam "Reykjavik Puffins"]
[WhiteFideId "8500223"]
[BlackFideId "2301687"]
[EventDate "2017.01.11"]

1. d4 d5 2. Nf3 Nf6 3. c4 c6 4. cxd5 cxd5 5. Nc3 Nc6 6. Bf4 a6 7. e3 Bf5 8. Bd3
Bxd3 9. Qxd3 e6 10. O-O Be7 11. Rac1 O-O 12. Ne5 Nxe5 13. Bxe5 Qd7 14. Bxf6 Bxf6
15. Rc2 Rfc8 16. Rfc1 b5 17. Ne2 g6 18. Kf1 Be7 19. Rxc8+ Rxc8 20. Rxc8+ Qxc8
21. Qc3 Qb7 22. b4 Qb8 23. g3 Kg7 24. Nf4 h5 25. Nd3 Qb6 26. Qc8 a5 27. Qd7 Bf6
28. a3 axb4 29. axb4 Qa6 30. Nc5 Qa1+ 31. Kg2 Kf8 32. Qxb5 Qa7 33. Qd7 Qb6 34.
Qc8+ Kg7 35. Nd7 Qxb4 36. Qe8 Qd6 37. h4 Qe7 38. Nxf6 Qxf6 39. Qb5 Qf5 40. Qe2
Qe4+ 41. Qf3 1/2-1/2

[Event "PRO League Central 2017"]
[Site "chess.com INT"]
[Date "2017.01.25"]
[Round "3"]
[White "Moussard, Jules"]
[Black "Ducarmon, Quinten"]
[Result "0-1"]
[WhiteTitle "GM"]
[BlackTitle "IM"]
[WhiteElo "2576"]
[BlackElo "2468"]
[WhiteTeam "Marseille Migraines"]
[BlackTeam "Amsterdam Mosquitos"]
[WhiteFideId "642908"]
[BlackFideId "1025007"]
[EventDate "2017.01.11"]

1. Nf3 d5 2. g3 c6 3. Bg2 Bg4 4. O-O Nd7 5. h3 Bh5 6. d3 e6 7. e4 dxe4 8. dxe4
Ngf6 9. Qe2 Qc7 10. Nbd2 Ne5 11. g4 Nxf3+ 12. Nxf3 Bg6 13. Nh4 Be7 14. f4 Bxe4
15. Bxe4 Nxe4 16. Qxe4 Bxh4 17. g5 h6 18. Rf3 O-O-O 19. Be3 Qa5 20. Raf1 hxg5
21. fxg5 Bxg5 22. Rxf7 Qd5 23. Qf3 Bxe3+ 24. Qxe3 Rh5 25. Rxg7 Rxh3 26. Qxh3
Qd4+ 27. Rf2 Qxg7+ 28. Kf1 Qxb2 29. Qxe6+ Kb8 30. Qf7 a6 31. Kg2 Ka7 32. Re2 Qd4
33. Qf2 Kb6 34. Kf1 Qxf2+ 35. Kxf2 Kc5 36. Ke1 Kb4 37. Re3 Rd7 38. Rb3+ Kc4 39.
Ke2 a5 40. a3 b5 41. Rh3 Rd4 42. Rg3 a4 43. Rh3 c5 44. Rh8 Kc3 45. Rc8 Rd5 46.
Rb8 c4 47. Ke3 Kxc2 48. Ke4 Rh5 49. Kd4 c3 50. Rc8 Rh4+ 51. Kd5 Kb2 52. Rc5 b4
53. axb4 Rxb4 0-1

[Event "PRO League Central 2017"]
[Site "chess.com INT"]
[Date "2017.01.25"]
[Round "3"]
[White "Moussard, Jules"]
[Black "Dek, Lennart"]
[Result "1-0"]
[WhiteTitle "GM"]
[WhiteElo "2576"]
[BlackElo "2288"]
[WhiteTeam "Marseille Migraines"]
[BlackTeam "Amsterdam Mosquitos"]
[WhiteFideId "642908"]
[BlackFideId "1013114"]
[EventDate "2017.01.11"]

1. b3 e5 2. Bb2 Nc6 3. e3 Nf6 4. Bb5 Bd6 5. Ne2 O-O 6. d3 a6 7. Bxc6 dxc6 8. Nd2
Be6 9. O-O Re8 10. e4 a5 11. a4 Nd7 12. Ng3 Bc5 13. Kh1 f6 14. f4 exf4 15. Rxf4
Ne5 16. Nf5 Bxf5 17. exf5 Be3 18. Re4 Nf7 19. Nc4 Bc5 20. Qg4 Rxe4 21. dxe4 Qe7
22. Rf1 Bd6 23. Bc3 b6 24. Rd1 Re8 25. Re1 Be5 26. Bd2 Nd6 27. Qe2 Qf7 28. Nxd6
cxd6 29. Be3 Bc3 30. Rd1 Rxe4 31. Qd3 Qe7 32. Bxb6 Bb4 33. Bf2 d5 34. h3 Bd6 35.
c4 Qe5 36. Bg1 d4 37. c5 Bxc5 38. Rc1 Bd6 39. Qc4+ Qd5 40. Qxc6 Qxc6 41. Rxc6
Bb4 42. Rc8+ Kf7 43. Rd8 Re1 44. Kh2 Ke7 45. Rxd4 Bc5 46. Bf2 Re2 47. Rg4 Rxf2
48. Rxg7+ Kd6 49. Rxh7 Rxf5 50. h4 Ke6 51. h5 Bd6+ 52. Kh3 Rf1 53. Ra7 Rh1+ 54.
Kg4 f5+ 55. Kf3 Rxh5 56. Rxa5 Rh4 57. Rb5 Rh8 58. a5 f4 59. b4 Rc8 60. a6 Rc3+
61. Ke2 Rc2+ 62. Kd3 Rc8 63. Rb7 Ra8 64. b5 Kd5 65. Rf7 Kc5 66. Rf5+ Kb6 67. Rf6
Kc5 68. Rf5+ Kb6 69. Rf6 Rd8 70. Kc4 Kc7 71. Rf7+ Kb6 72. Rb7+ Ka5 73. a7 Ra8
74. Kd5 Bb4 75. b6 Bd2 76. Rb8 1-0

[Event "PRO League Central 2017"]
[Site "chess.com INT"]
[Date "2017.01.25"]
[Round "3"]
[White "Moussard, Jules"]
[Black "Dek, Lennart"]
[Result "1-0"]
[WhiteTitle "GM"]
[WhiteElo "2576"]
[BlackElo "2288"]
[WhiteTeam "Marseille Migraines"]
[BlackTeam "Amsterdam Mosquitos"]
[WhiteFideId "642908"]
[BlackFideId "1013114"]
[EventDate "2017.01.11"]

1. Nf3 d5 2. g3 e6 3. Bg2 Nf6 4. O-O b5 5. b3 Be7 6. Bb2 Bb7 7. d3 O-O 8. Nbd2
b4 9. e4 c5 10. Re1 Nc6 11. exd5 exd5 12. d4 Re8 13. a3 bxa3 14. Bxa3 cxd4 15.
Bxe7 Rxe7 16. Ra4 Rxe1+ 17. Qxe1 Qb6 18. Qa1 d3 19. cxd3 Nb4 20. Ne5 Re8 21.
Ndf3 d4 22. Qxd4 Bxf3 23. Qxb6 axb6 24. Bxf3 Nc2 25. Ng4 Nxg4 26. Bxg4 g6 27.
Rc4 Ne1 28. Rc3 b5 29. d4 f5 30. Bd1 b4 31. Re3 Rxe3 32. fxe3 Nd3 33. Kf1 1-0

[Event "PRO League Central 2017"]
[Site "chess.com INT"]
[Date "2017.01.25"]
[Round "3"]
[White "Balogun, Oluwafemi"]
[Black "Arkell, Keith C"]
[Result "1-0"]
[WhiteTitle "FM"]
[BlackTitle "GM"]
[WhiteElo "2222"]
[BlackElo "2438"]
[WhiteTeam "Lagos Leatherbacks"]
[BlackTeam "London Towers"]
[WhiteFideId "8501246"]
[BlackFideId "400270"]
[EventDate "2017.01.11"]

1. Nf3 Nf6 2. g3 b5 3. Bg2 Bb7 4. O-O e6 5. d3 Be7 6. e4 d6 7. a4 b4 8. Nbd2
Nbd7 9. Nd4 Nc5 10. f4 O-O 11. a5 Rb8 12. g4 e5 13. Nf5 exf4 14. Rxf4 Ne6 15.
Rf1 Nd7 16. Nxe7+ Qxe7 17. Nf3 Ne5 18. h3 c5 19. b3 f6 20. Be3 Nxf3+ 21. Qxf3
Nd4 22. Qd1 Rbd8 23. Rf2 d5 24. a6 Bc6 25. Bxd4 cxd4 26. Re2 Rfe8 27. Qd2 Qc5
28. Rae1 dxe4 29. Bxe4 Bxe4 30. Rxe4 Rxe4 31. Rxe4 Rc8 32. Re2 Qd6 33. Kg2 h6
34. Qe1 Kh7 35. Qf2 Rc5 36. h4 h5 37. gxh5 Rxh5 38. Re4 Rd5 39. Qe2 Qxa6 40. Re8
Qc6 41. Kg1 Rc5 42. Re6 Qd5 43. Re4 Ra5 44. Qg4 Ra1+ 45. Kf2 Qc5 46. Re2 Ra5 47.
Ke1 Qd5 48. Re7 Qg8 49. Qe4+ f5 50. Qf3 Ra6 51. Qxf5+ Kh8 52. Qh5+ Rh6 53. Qe5
Rf6 54. Re8 Rf8 55. Qh5+ 1-0

[Event "PRO League Central 2017"]
[Site "chess.com INT"]
[Date "2017.01.25"]
[Round "3"]
[White "Balogun, Oluwafemi"]
[Black "Hawkins, Jonathan"]
[Result "0-1"]
[WhiteTitle "FM"]
[BlackTitle "GM"]
[WhiteElo "2222"]
[BlackElo "2583"]
[WhiteTeam "Lagos Leatherbacks"]
[BlackTeam "London Towers"]
[WhiteFideId "8501246"]
[BlackFideId "412686"]
[EventDate "2017.01.11"]

1. Nf3 f5 2. g3 Nf6 3. Bg2 g6 4. O-O Bg7 5. c3 O-O 6. d3 d6 7. e4 Nc6 8. Re1 e5
9. Ng5 Kh8 10. f4 h6 11. Nf3 exf4 12. Bxf4 fxe4 13. dxe4 g5 14. Bc1 Ng4 15. Rf1
Qe7 16. Qc2 Nge5 17. Nbd2 Be6 18. Nd4 Nxd4 19. cxd4 Nc6 20. d5 Nd4 21. Qd3 Bg4
22. Re1 Rae8 23. h3 Bh5 24. g4 Bg6 25. Nf1 Qf7 26. Kh1 Qxd5 27. Ng3 Qe5 28. Bd2
Nf3 29. Re3 Qxg3 30. Rxf3 Rxf3 31. Qxf3 Qxf3 32. Bxf3 Bxe4 33. Kg2 Bxf3+ 34.
Kxf3 Bxb2 35. Rb1 Bd4 36. Rxb7 Bb6 37. a4 a5 38. h4 gxh4 39. Bxh6 Kh7 40. Bg5 h3
41. Kg3 Kg6 42. Bf4 Be3 43. Bxe3 Rxe3+ 44. Kh2 c5 45. Ra7 Kg5 46. Rg7+ Kh4 47.
g5 Re2+ 0-1

[Event "PRO League Central 2017"]
[Site "chess.com INT"]
[Date "2017.01.25"]
[Round "3"]
[White "Dek, Lennart"]
[Black "Bacrot, Etienne"]
[Result "0-1"]
[BlackTitle "GM"]
[WhiteElo "2288"]
[BlackElo "2695"]
[WhiteTeam "Amsterdam Mosquitos"]
[BlackTeam "Marseille Migraines"]
[WhiteFideId "1013114"]
[BlackFideId "605506"]
[EventDate "2017.01.11"]

1. e4 c5 2. Nf3 Nc6 3. d4 cxd4 4. Nxd4 Nf6 5. Nc3 e5 6. Ndb5 d6 7. Bg5 a6 8. Na3
b5 9. Bxf6 gxf6 10. Nd5 f5 11. c3 fxe4 12. Bxb5 Bd7 13. Ba4 Rg8 14. O-O Rg6 15.
Nc4 Rb8 16. Qe2 f5 17. Rad1 Kf7 18. f3 exf3 19. Qxf3 Kg7 20. Bxc6 Bxc6 21. Qxf5
Kh8 22. Kh1 Bh6 23. Nce3 Qh4 24. b3 Rbg8 25. Qf2 Qh5 26. Rg1 Bxe3 27. Nxe3 Qxh2+
28. Kxh2 Rh6+ 29. Qh4 Rxh4# 0-1

[Event "PRO League Central 2017"]
[Site "chess.com INT"]
[Date "2017.01.25"]
[Round "3"]
[White "Dek, Lennart"]
[Black "Bacrot, Alexandre"]
[Result "0-1"]
[WhiteElo "2288"]
[BlackElo "2099"]
[WhiteTeam "Amsterdam Mosquitos"]
[BlackTeam "Marseille Migraines"]
[WhiteFideId "1013114"]
[BlackFideId "26076837"]
[EventDate "2017.01.11"]

1. e4 e6 2. d4 d5 3. Nc3 Bb4 4. e5 c5 5. a3 Bxc3+ 6. bxc3 Ne7 7. Nf3 Qa5 8. Bd2
c4 9. h4 Nd7 10. h5 h6 11. g3 Nb6 12. Nh4 Bd7 13. Bh3 O-O-O 14. O-O g5 15. hxg6
fxg6 16. Ng2 Rdg8 17. Nf4 Nf5 18. Bxf5 gxf5 19. Kg2 Na8 20. Rh1 Nc7 21. Rh4 Be8
22. Qh1 h5 23. Nxh5 Rg4 24. Rh3 Qa4 25. Nf6 Rxh3 26. Qxh3 Qxc2 27. Qh6 Rg6 28.
Qf4 b6 29. Rh1 Bc6 30. Rh7 Qb2 31. Kh3 Qxa3 32. g4 fxg4+ 33. Nxg4 Qa1 34. Qf8+
Kb7 35. Rxc7+ Kxc7 36. Qf7+ Bd7 37. Qxg6 Qd1 38. Qg5 a5 39. Bc1 a4 40. Qe3 Qc2
41. Ba3 Qb3 42. Bd6+ Kc6 43. Nf6 a3 44. Nxd7 Kxd7 45. Qg3 Kc6 46. Kg2 a2 47. Qg8
a1=Q 48. Qe8+ Kb7 49. Qb8+ Kc6 50. Qe8+ Kb7 51. Qb8+ Kc6 0-1

[Event "PRO League Central 2017"]
[Site "chess.com INT"]
[Date "2017.01.25"]
[Round "3"]
[White "Cornette, Matthieu"]
[Black "Astaneh Lopez, Alex"]
[Result "1-0"]
[WhiteTitle "GM"]
[BlackTitle "IM"]
[WhiteElo "2586"]
[BlackElo "2417"]
[WhiteTeam "Cannes Blockbusters"]
[BlackTeam "Dublin Desperados"]
[WhiteFideId "620084"]
[BlackFideId "2501430"]
[EventDate "2017.01.11"]

1. d4 Nf6 2. Bf4 d5 3. e3 e6 4. Nd2 c5 5. c3 Nc6 6. Ngf3 Nh5 7. Bg5 Qb6 8. dxc5
Qxb2 9. Nd4 Nf6 10. Nb5 Bxc5 11. Nc7+ Ke7 12. Nxa8 Qxc3 13. Nc7 a6 14. Be2 Qa5
15. Nxa6 bxa6 16. O-O Bd6 17. e4 d4 18. Bxf6+ gxf6 19. Nc4 Qc7 20. g3 Bc5 21.
Rc1 Bb7 22. Bd3 h5 23. Nd2 Ba3 24. Rc2 h4 25. Qg4 Qd7 26. Qg7 Qd8 27. Rb1 Ba8
28. Nc4 Bc5 29. Rcb2 Rf8 30. e5 Qd5 31. exf6+ Kd8 32. Nb6 Qf3 33. Be2 Qe4 34.
Nxa8 h3 35. Bf1 Ne5 36. Rb8+ Kd7 37. R1b7+ Kc6 38. Rc7+ Kd5 39. Rxc5+ Kxc5 40.
Qxf8+ Kd5 41. Qd8+ 1-0

[Event "PRO League Central 2017"]
[Site "chess.com INT"]
[Date "2017.01.25"]
[Round "3"]
[White "Cornette, Matthieu"]
[Black "Collins, Sam E."]
[Result "1-0"]
[WhiteTitle "GM"]
[BlackTitle "IM"]
[WhiteElo "2586"]
[BlackElo "2455"]
[WhiteTeam "Cannes Blockbusters"]
[BlackTeam "Dublin Desperados"]
[WhiteFideId "620084"]
[BlackFideId "2501198"]
[EventDate "2017.01.11"]

1. d4 Nf6 2. Bf4 d5 3. e3 c5 4. Nf3 e6 5. c3 Nc6 6. Nbd2 Bd6 7. Bg3 O-O 8. Bd3
b6 9. Qe2 Bb7 10. Rd1 Rc8 11. a3 Re8 12. e4 Be7 13. e5 Nd7 14. h4 Nf8 15. h5 f6
16. Bb5 Nd7 17. Nf1 cxd4 18. cxd4 fxe5 19. Nxe5 Ndxe5 20. Bxe5 Bf6 21. f4 Rf8
22. Qg4 Qe7 23. Ne3 Bxe5 24. fxe5 Kh8 25. Rf1 Na5 26. Rxf8+ Rxf8 27. Ke2 a6 28.
Bd3 b5 29. Rf1 Rxf1 30. Kxf1 Nc4 31. Nd1 Qf7+ 32. Ke2 a5 33. Qf3 Qxf3+ 34. Kxf3
b4 35. axb4 axb4 36. Ke2 Kg8 37. b3 Na5 38. Bc2 Ba6+ 39. Ke3 Bf1 40. g3 Bh3 41.
Nf2 Bf5 42. Bxf5 exf5 43. Nd3 Kf7 44. Nxb4 Ke6 45. Na6 Kd7 46. Nc5+ Kc6 47. Kf4
Kb5 48. Kxf5 Nc6 49. Ke6 Nxd4+ 50. Kxd5 Nf5 51. Ne4 Kb4 52. e6 Kxb3 53. g4 Ne3+
54. Kd4 Nc2+ 55. Kc5 1-0

[Event "PRO League Central 2017"]
[Site "chess.com INT"]
[Date "2017.01.25"]
[Round "3"]
[White "Rendle, Thomas E"]
[Black "Balogun, Oluwafemi"]
[Result "0-1"]
[WhiteTitle "IM"]
[BlackTitle "FM"]
[WhiteElo "2356"]
[BlackElo "2222"]
[WhiteTeam "London Towers"]
[BlackTeam "Lagos Leatherbacks"]
[WhiteFideId "408760"]
[BlackFideId "8501246"]
[EventDate "2017.01.11"]

1. e4 d6 2. d4 Nf6 3. Nc3 g6 4. Nf3 Bg7 5. Be2 O-O 6. O-O Bg4 7. Re1 Nc6 8. Be3
e5 9. dxe5 dxe5 10. Bc5 Re8 11. h3 Bxf3 12. Bxf3 b6 13. Ba3 Nd4 14. Qd3 Nd7 15.
Rad1 Bf8 16. Bxf8 Rxf8 17. Qc4 Nxf3+ 18. gxf3 Qg5+ 19. Kf1 Nc5 20. Nd5 c6 21.
Ne3 Ne6 22. Ng2 Qh5 23. h4 Qxf3 24. Rd3 Qf6 25. Rd6 Rad8 26. Red1 Rxd6 27. Rxd6
c5 28. Qd3 Re8 29. c3 h5 30. a4 Kg7 31. Rd7 Re7 32. Rd6 Nf4 33. Qd2 Re6 34. Rxe6
Nxe6 35. Qd6 Nf4 36. Qc7 Nd3 37. Ke2 Nxf2 38. Ne3 Nxe4 39. Qxa7 Qf2+ 40. Kd3 Nf6
41. Qxb6 e4+ 42. Kc4 Qxe3 43. a5 Qe2+ 44. Kb3 Qd1+ 45. Ka3 Qa1+ 46. Kb3 Qd1+ 47.
Ka3 e3 48. a6 e2 49. a7 e1=Q 50. a8=Q Qa1+ 0-1